| 000 | 01040nam a22002297a 4500 | ||
|---|---|---|---|
| 005 | 20110913152830.0 | ||
| 008 | 110913t xxu||||| |||| 00| 0 mar d | ||
| 010 | _aMAR-21305 | ||
| 020 |
_c100.00 _a9788190976275 |
||
| 035 | _aMR-13963 | ||
| 037 | _bDBAD/PUB | ||
| 040 |
_aDPL _bMR |
||
| 082 | _a891.462 | ||
| 100 |
_aठाकूर,रवींद्र _934729 |
||
| 245 |
_aक्रांतीसंगर / _cरवींद्र ठाकूर |
||
| 246 |
_aKrantisangar _bby Raveendra Thakur |
||
| 260 |
_aनांदेड _bबळीवंश प्रकाशन _c2011 |
||
| 270 |
_bनांदेड _e431605 _aनृसिंह पॅलेसच्या मागे,नरहरनगर, |
||
| 300 |
_a96पृ. _c21सेमी(अजिल्द) |
||
| 942 |
_2ddc _cMR _mठाकूर _h891.462 |
||
| 999 |
_c56631 _d56631 |
||